[Event "GER-chT U10"]
[Site "Magdeburg"]
[Date "2014.12.27"]
[Round "2.1"]
[White "Gutewort, Paul Emil"]
[Black "Hildebrandt, Colin"]
[Result "1-0"]
[WhiteElo "1198"]
[BlackElo "600"]
[PlyCount "49"]
[EventDate "2014.12.27"]
[EventType "team-swiss"]
[EventRounds "7"]
[EventCountry "GER"]
[SourceTitle "EXT 2016"]
[Source "ChessBase"]
[SourceDate "2015.10.08"]
[SourceVersion "1"]
[SourceVersionDate "2015.10.08"]
[SourceQuality "1"]
[WhiteTeam "Berlin Nord Ost"]
[BlackTeam "Hamburger SK III"]
[WhiteTeamCountry "GER"]
[BlackTeamCountry "GER"]

1. e4 e5 2. Nf3 Nf6 3. Nc3 Bb4 4. Nxe5 Bxc3 5. dxc3 Qe7 6. Nd3 Nxe4 7. Be2 Nc6 8. 0-0 d5 9. Nf4 0-0 10. Bf3 Qg5 11. Nxd5 Bh3 12. Bxg5 Nxg5 13. gxh3 Nxh3+ 14. Kh1 Rfd8 15. Bg2 Ng5 16. b4 Ne5 17. Ne7+ Kf8 18. Qe2 f6 19. f4 Kxe7 20. fxg5 fxg5 21. Rf5 g6 22. Qxe5+ Kd7 23. Rd1+ Kc8 24. Qe6+ Rd7 25. Rf8# 1-0

[Event "GER-chT U10"]
[Site "Magdeburg"]
[Date "2014.12.27"]
[Round "1.1"]
[White "Hildebrandt, Colin"]
[Black "Wang, Xinyuan1111"]
[Result "0-1"]
[WhiteElo "600"]
[BlackElo "1251"]
[PlyCount "72"]
[EventDate "2014.12.27"]
[EventType "team-swiss"]
[EventRounds "7"]
[EventCountry "GER"]
[SourceTitle "EXT 2016"]
[Source "ChessBase"]
[SourceDate "2015.10.08"]
[SourceVersion "1"]
[SourceVersionDate "2015.10.08"]
[SourceQuality "1"]
[WhiteTeam "Hamburger SK III"]
[BlackTeam "Hohentuebingen"]
[WhiteTeamCountry "GER"]
[BlackTeamCountry "GER"]

1. d4 d5 2. c4 e6 3. Nc3 Nf6 4. Bg5 c5 5. cxd5 exd5 6. Nf3 Nc6 7. e4 Be6 8. e5 h6 9. Bxf6 gxf6 10. exf6 Qxf6 11. Bb5 a6 12. Bxc6+ bxc6 13. 0-0 Rg8 14. g3 Bg4 15. Qe1+ Be7 16. Ne5 Bh3 17. Qe3 Rg5 18. Rfe1 Rc8 19. dxc5 Rc7 20. Rad1 Rxe5 21. Qf4 Rxe1+ 22. Rxe1 Qxf4 23. gxf4 Kf8 24. Re3 Be6 25. a3 d4 26. Rxe6 fxe6 27. Ne4 Rb7 28. b4 Kf7 29. h4 Kg6 30. Ng3 Bxh4 31. Kg2 Bxg3 32. Kxg3 d3 33. Kg4 d2 34. f3 d1Q 35. b5 Rd7 36. bxc6 Rd2 0-1